01186nam a22002897a 4500003000400000005001700004008004100021040002200062082001800084100002500102245003000127260006000157300002100217366000800238490002700246505006300273505017100336505001200507650005500519650004700574650004800621650004300669650004500712650005600757650004700813700003600860OSt20230622123559.0221006b |||||||| |||| 00| 0 eng d cBiblioteca Lado V a709.05bG851a aGriffin, Timeeditor aArtforum/bInternacional/ aNew Yorkc2015bNew York editorial and business offices c26.5x27cma280p. eeng aAbrilv2015x0864-1315 tCOLUMNSaFILM BOOKS LETTER FROM CENTRAL AMERICA TOP TEN tFEATURESaTHE SMART LANDSCAPE WOMEN ON THE VERGE TAKEN LIBERTIES THE INNOCENCE OF THE IMAGE 1000 WORDS: ANRI SALA CLOSE UP: FLOATING WORLD OPENINGS: OLGA BALEMA tREVIEWS 2Tesauro de Arte & ArquitecturaaARTE COMTEMPORANEO 2Tesauro de Arte & ArquitecturaaFOTOGRAFIA 2Tesauro de Arte & ArquitecturaaARTE VISUAL 2Tesauro de Arte & ArquitecturaaLIBROS 2Tesauro de Arte & ArquitecturaaNOTICIAS 2 Tesauro de Arte & ArquitecturaaARTE INTERNACIONAL 2 Tesauro de Arte & ArquitecturaaESCULTURA aNavarreta, Jose Antonioeeditor